书目信息 |
| 题名: |
环境污染与食品安全
|
|
| 作者: | 张乃明 主编 | |
| 分册: | ||
| 出版信息: | 北京 化学工业出版社 2007 |
|
| 页数: | 200页 | |
| 开本: | 26cm | |
| 丛书名: | ||
| 单 册: | ||
| 中图分类: | R155.5 , X5 | |
| 科图分类: | ||
| 主题词: | 环境污染--影响--食品卫生--研究 , 环境污染 , 食品卫生 | |
| 电子资源: | ||
| ISBN: | 978-7-5025-9972-0 | |
| 000 | 00775nam0 2200253 450 | |
| 001 | 1569088813 | |
| 005 | 20150129191212.74 | |
| 010 | @a978-7-5025-9972-0@dCNY29.80 | |
| 100 | @a20070328d2007 em y0chiy50 ea | |
| 101 | 0 | @achi |
| 102 | @aCN@b110000 | |
| 105 | @ay z 000yy | |
| 200 | 1 | @a环境污染与食品安全@9huan jing wu ran yu shi pin an quan@f张乃明主编 |
| 210 | @a北京@c化学工业出版社@d2007 | |
| 215 | @a200页@d26cm | |
| 330 | @a本书介绍了环境污染对食品质量与安全性的影响以及食品安全领域的主要问题与防治对策。 | |
| 606 | 0 | @a环境污染@x影响@x食品卫生@x研究 |
| 606 | 0 | @a环境污染 |
| 606 | 0 | @a食品卫生 |
| 690 | @aR155.5@v5 | |
| 690 | @aX5@v5 | |
| 701 | 0 | @a张乃明@9zhang nai ming@f(1963~)@4主编 |
| 801 | 0 | @aCN@bTSSF@c20150129 |
| 905 | @aZUCC@dR155.5@eJY338 | |
| 环境污染与食品安全/张乃明主编.-北京:化学工业出版社,2007 |
| 200页;26cm |
| ISBN 978-7-5025-9972-0:CNY29.80 |
| 本书介绍了环境污染对食品质量与安全性的影响以及食品安全领域的主要问题与防治对策。 |
| ● |
| 相关链接 |
|
|
|
|
正题名:环境污染与食品安全
索取号:R155.5/JY338
 
预约/预借
| 序号 | 登录号 | 条形码 | 馆藏地/架位号 | 状态 | 备注 |
| 1 | 7862637 | 278626373 | 学院路分馆/ [索取号:R155.5/JY338] | 在馆 | |
| 2 | 7862638 | 278626382 | 学院路分馆/ [索取号:R155.5/JY338] | 在馆 |